| 000 | 00000nam##2200000za#4500 |
| 001 | 9.603403 |
| 003 | CaOODSP |
| 005 | 20210624211046 |
| 007 | cr ||||||||||| |
| 008 | 150406|2005||||xxc|||||o f|0| 0 fre|d |
| 040 | |aCaOODSP|bfre |
| 043 | |an-cn--- |
| 086 | 1 |aBT31-4/22-2005F-PDF |
| 110 | 1 |aCanada. |bConseil du trésor. |
| 245 | 10|aCentre canadien d'hygiène et de sécurité au travail - rapport sur le rendement pour la période se terminant le 31 mars 2005 |h[ressource électronique] |
| 260 | |aOttawa - Ontario : |bSecrétariat du Conseil du Trésor du Canada |c[2005]. |
| 300 | |a45p.|bgraphiques, organigramme, références, tableaux |
| 490 | 1 |aRapport sur le rendement pour la période se terminant le 31 mars 2005 |
| 590 | |a12-06-Supp|b2012-03-07 |
| 775 | 08|tCanadian Centre for Occupational Health and Safety, performance report for the period ending March 31, 2005 |w(CaOODSP)9.573190 |
| 776 | 0#|tCanadian Centre for Occupational Health and Safety |w(CaOODSP)9.541804 |
| 776 | 0#|tCentre canadien d'hygiène et de sécurité au travail |w(CaOODSP)9.541805 |
| 830 | #0|aRapport sur le rendement pour la période se terminant le 31 mars 2005.|w(CaOODSP)9.502661 |
| 856 | 40|ahttp://publications.gc.ca|qPDF|s466 Ko|uhttps://publications.gc.ca/collections/collection_2012/sct-tbs/BT31-4-22-2005-fra.pdf |